| 000 | 01697cam a2200361 p 4500 | ||
|---|---|---|---|
| 001 | 15030 | ||
| 003 | BD-RjUL | ||
| 005 | 20211208235733.0 | ||
| 008 | 140209s1974 ne a b 100 0 eng | ||
| 020 | _a0444412778 (New York) : | ||
| 035 | _a(BD-RjUL)15084 | ||
| 040 |
_aDLC _cDLC _dDLC _dBD-RjUL _beng |
||
| 041 | 0 | _aengfre | |
| 082 | 0 | 0 |
_a631.81 _bFER |
| 111 | 2 |
_aStudy Week on the Use of Fertilizers and their Effect on Crop Growth, with Emphasis on Quality and Economy, _cVatican City, _d1972. _946805 |
|
| 245 | 1 | 0 |
_aFertilizers, crop quality and economy : _bproceedings of a Study Week on the Use of Fertilizers and their Effect on Crop Growth, with Emphasis on Quality and Economy, April 10th-16th, 1972 / _cedited by V. Hernando Fernández. |
| 260 |
_aAmsterdam : _bElsevier ; _aNew York : _bAmerican Elsevier Pub. Co., _c1974. |
||
| 300 |
_ali, 1415 p. : _bill. ; _c24 cm. |
||
| 490 | 1 | _aPontificiae Academiae Scientiarum Scripta varia ; 38 | |
| 500 | _aEnglish or French. | ||
| 500 | _aAdded t.p.: Semaine d'étude sur le thème l'Emploi des fertilisants et leur effet sur l'accroissement des récoltes, notamment par rapport à la qualité et à l'économie. | ||
| 500 | _aHeld by the Pontifical Academy of Science at its headquarters in Vatican City. | ||
| 504 | _aIncludes bibliographical references. | ||
| 650 | 0 |
_aFertilizers _xCongresses. _946790 |
|
| 650 | 0 |
_aCrop yields _xCongresses. _946791 |
|
| 830 | 0 |
_v38. _946806 |
|
| 700 | 2 |
_aHernando Fernandez, V. _946793 |
|
| 710 | 2 |
_aPontificia Accademia delle scienze. _946794 |
|
| 830 | 0 |
_aPontificiae Academiae Scientiarum scripta varia ; _946807 |
|
| 942 |
_2ddc _cBK |
||
| 999 |
_c15030 _d15030 |
||